the study of controlling at slaugter houses in kampong bay district, kampot province (ការសិក្សាលើការគ្រប់គ្រងទីសត្តឃាដ ស្រុកកំពង់បាយ ខេត្តកំពត) (Record no. 2713)
[ view plain ]
| 000 -LEADER | |
|---|---|
| fixed length control field | 00612nam a22001577a 4500 |
| 003 - CONTROL NUMBER IDENTIFIER | |
| control field | OSt |
| 005 - DATE AND TIME OF LATEST TRANSACTION | |
| control field | 20151026150732.0 |
| 008 - FIXED-LENGTH DATA ELEMENTS--GENERAL INFORMATION | |
| fixed length control field | 151026b xxu||||| |||| 00| 0 eng d |
| 040 ## - CATALOGING SOURCE | |
| Transcribing agency | RUA |
| 082 ## - DEWEY DECIMAL CLASSIFICATION NUMBER | |
| Classification number | AVM LY 2012 B103 Or.1 |
| 100 ## - MAIN ENTRY--PERSONAL NAME | |
| 9 (RLIN) | 2895 |
| Personal name | LY SATRA. |
| 245 ## - TITLE STATEMENT | |
| Title | the study of controlling at slaugter houses in kampong bay district, kampot province (ការសិក្សាលើការគ្រប់គ្រងទីសត្តឃាដ ស្រុកកំពង់បាយ ខេត្តកំពត) |
| 260 ## - PUBLICATION, DISTRIBUTION, ETC. (IMPRINT) | |
| Place of publication, distribution, etc. | Phnom Penh |
| Name of publisher, distributor, etc. | RUA |
| Date of publication, distribution, etc. | 2012 |
| 300 ## - PHYSICAL DESCRIPTION | |
| Extent | viii, 39p. |
| Other physical details | ill. |
| Dimensions | 29cm. |
| 942 ## - ADDED ENTRY ELEMENTS (KOHA) | |
| Source of classification or shelving scheme | |
| Koha item type | AVM |
| Price effective from | Date last seen | Permanent Location | Not for loan | Date acquired | Source of classification or shelving scheme | Koha item type | Barcode | Lost status | Damaged status | Shelving location | Withdrawn status | Current Location | Full call number |
|---|---|---|---|---|---|---|---|---|---|---|---|---|---|
| 2015-10-26 | 2015-10-26 | Library Block B | 2015-10-26 | AVM | RUA019231 | B103 | Library Block B | AVM LY 2012 B103 Or.1 | |||||
| 2015-10-26 | 2015-10-26 | Library Block B | 2015-10-26 | AVM | RUA019087 | B103 | Library Block B | AVM LY 2012 B103 Or.2 | |||||
| 2015-10-26 | 2015-10-26 | Library Block B | 2015-10-26 | AVM | RUA018046 | B103 | Library Block B | AVM LY 2012 B103 Or.3 | |||||
| 2015-10-26 | 2015-10-26 | Library Block B | 2015-10-26 | AVM | RUA009860 | B103 | Library Block B | AVM LY 2012 B103 Or.4 | |||||
| 2015-10-26 | 2015-10-26 | Library Block B | 2015-10-26 | AVM | RUA008519 | B103 | Library Block B | AVM LY 2012 B103 Or.5 | |||||
| 2019-07-15 | 2019-07-15 | Library Block B | 2019-07-15 | AVM | A37219 | B1.330 | Library Block B | AVM LY 2012 B1.230 Or.1 |